000 00270nam a2200121Ia 4500
100 _aKhedkar/S.K.
942 _cBK
654 _aelectronic
245 _aElectronic instrumentation
260 _bTechnova
_aNew Delhi
_c1997
082 _a621.3815
_bKHE
546 _aENGLISH
999 _c25822
_d25822